La semántica: una nueva introducción

Guardat en:
Dades bibliogràfiques
Autor principal: Palmer, Frank Robert (autor)
Format: Llibre
Idioma:espanyol
Publicat: Ciudad de México Siglo Veintiuno 1978
Col·lecció:Colección linguística
Matèries:
Etiquetes: Afegir etiqueta
Sense etiquetes, Sigues el primer a etiquetar aquest registre!

MARC

LEADER 00000nam a2200000 a 4500
001 UCX6841
003 CL-VaPUC
008 930825e19780000MX |||||||||||||||||spa|d
082 0 4 |a 412  |b PAL  |2 21 
100 |a Palmer, Frank Robert  |e autor  |9 306229 
245 1 3 |a La semántica: una nueva introducción 
300 |a 200 p 
942 |c BK 
945 |d 19930825 00:00:00 
260 |a Ciudad de México  |b Siglo Veintiuno  |c 1978 
650 0 |a Semántica  |9 265318 
650 0 |a Lingüística  |9 265068 
583 |a last modification  |c 19930825 00:00:00  |k Rodrigo Vera 
490 0 |a Colección linguística 
999 |c 226789  |d 226787 
952 |0 0  |1 0  |4 0  |6 412_000000000000000_PAL_1978  |7 0  |8 A  |9 225395  |a BIBEDU  |b BIBEDU  |d 2019-11-15  |i 2940930  |o 412 PAL 1978  |p 2940930  |r 2019-11-15  |w 2019-11-15  |y BK  |k LIT 
952 |0 0  |1 0  |4 0  |6 412_000000000000000_PAL_1978  |7 0  |8 A  |9 225396  |a BIBART  |b BIBART  |d 2019-11-15  |i 1381350  |o 412 PAL 1978  |p 1381350  |r 2025-03-13  |w 2019-11-15  |y BK  |k ART